Types de cartes aux TCG - Statistiques

Statistiques générales
  • Ce quiz a été pris 12 fois
  • Le résultat moyen est 9 sur 22
Statistiques - réponses
TCG Types de cartes % Correct
Pokémon Pokémon
100%
Pokémon Energie
91%
Pokémon Dresseur
82%
Yu-Gi-Oh Monstre
82%
Yu-Gi-Oh Magie
64%
Lorcana Personnage
64%
One Piece Personnage
64%
Yu-Gi-Oh Piège
64%
Magic Terrain
45%
Lorcana Objet
36%
Magic Artefact
27%
Lorcana Lieu
27%
Magic Planeswalker
27%
Lorcana Action
18%
Magic Créature
18%
Magic Ephémère
18%
One Piece Leader
18%
Magic Rituel
18%
One Piece DON
9%
Magic Enchantement
9%
One Piece Evènement
9%
One Piece Stage
0%
Aucun quiz correspondant
Distribution des résultats
% des personnes avec chaque résultat
Percentile par nombre de réponses
Votre historique - résultats
Vous n’avez pas pris ce quiz